MARC

LEADER 00000nam0a2200000 4500
001 67989
005 20231031074407.0
035 |a (RuTPU)RU\TPU\book\72388 
090 |a 67989 
100 |a 20040928d1974 km y0rusy50 ca 
101 1 |a rus  |c eng 
102 |a RU 
105 |a y z 000zy 
200 1 |a Достижения физики плазмы  |e пер. с англ.  |f Под ред. М. С. Рабиновича 
210 |a Москва  |c Мир  |d 1974 
215 |a 309 с. 
320 |a Библиография в конце глав. 
610 1 |a физика 
610 1 |a релятивистские пучки 
610 1 |a равновесие 
610 1 |a магнитные поля 
610 1 |a двухпучковая неустойчивость 
610 1 |a кинетическая теория 
610 1 |a плазма 
675 |a 537.222  |v 3 
702 1 |a Рабинович  |b М. С.  |g Матвей Самсонович  |4 340 
801 1 |a RU  |b 63413507  |c 20040928  |g PSBO 
801 2 |a RU  |b 63413507  |c 20150401  |g PSBO 
942 |c BK